000 00749cab a2200253 4500
001 ABS56311
008 090401t1996 xxu||||| |||| 00| 0 eng d
035 _a(Sirsi) u22764
041 _aeng
100 _aSubedi, N.K.
245 _aExternal plate reinforcement for strengthening concrete beams
260 _c1996
350 _a0
490 _aConstruction Repair
_v10(6) November/December 1996, 24-29(6)
520 _aDescribes a method of strengthening in-situ concrete beams.
650 _aCONCRETE BEAMS
650 _aIN-SITU CONCRETE BEAMS
650 _aLOAD DEFLECTION
650 _aSTEEL PLATES
690 _aBUILDING AND CONSTRUCTION-REPAIRS AND MAINTENANCE
700 _aBaglin, P.S.
942 _n0
948 _c04/03/1997
999 _c15260
_d15260